| 000 | 07173nam a22006017a 4500 | ||
|---|---|---|---|
| 005 | 20090121095147.0 | ||
| 008 | 090121t xxu||||| |||| 00| 0 eng d | ||
| 010 | _aB-359000 | ||
| 020 |
_a9788176937146 _c225.00 |
||
| 035 | _aB-359000 | ||
| 035 | _aB-335788-816 | ||
| 037 | _bBlueberry Books | ||
| 040 |
_adpl _bEnglish |
||
| 082 | _a909.09 | ||
| 245 |
_aPogo book of wonders of the world / _cedited by C.V.Indira...[et al] |
||
| 260 |
_aNew Delhi _bBPI India _c2008 |
||
| 270 |
_a16, Ansari Road, Darya ganj _bNew Delhi _e110 002 _k23284898,23276118 _l23271653 _mbpipl@vsnl.com bpiindia@airtelbroadband.in |
||
| 300 |
_a64 p. _bcol. ill. _c28cm(Hb) |
||
| 500 | _aIncludes index and glossary | ||
| 700 | _aIndira, C.V. | ||
| 942 |
_2ddc _cCH _mPOG _h909.09 |
||
| 999 |
_c21858 _d21858 |
||